Agricultural Commodity Price Dynamics and Their Determinants: A Comprehensive Econometric Approach

Komplexný ekonometrický modelovací rámec zameraný na kvantifikáciu reakcií cien poľnohospodárskych komodít na zmeny ich potenciálnych determinantov. Explicitné hodnotenie problému neistoty modelu so zameraním na výber špecifikácií na základe ceny krátkodobých prognóz mimo vzorky (1 až 12 mesiacov vo...

Ausführliche Beschreibung

Gespeichert in:
Bibliographische Detailangaben
1. Verfasser: Crespo Cuaresma, Jesús
Weitere Verfasser: Hloušková, Jaroslava, 1966-, Obersteiner, Michael
Format: Buchkapitel
Sprache:Englisch
Schlagworte:
Tags: Tag hinzufügen
Keine Tags, Fügen Sie das erste Tag hinzu!

MARC

LEADER 00000naa a2200000 4500
001 0278626
005 20240502083845.5
041 0 |a eng 
044 |a US 
245 1 0 |a Agricultural Commodity Price Dynamics and Their Determinants: A Comprehensive Econometric Approach  |c Jesús Crespo Cuaresma, Jaroslava Hloušková, Michael Obersteiner 
520 |a Komplexný ekonometrický modelovací rámec zameraný na kvantifikáciu reakcií cien poľnohospodárskych komodít na zmeny ich potenciálnych determinantov. Explicitné hodnotenie problému neistoty modelu so zameraním na výber špecifikácií na základe ceny krátkodobých prognóz mimo vzorky (1 až 12 mesiacov vopred) pre cenu pšenice, sóje a kukurice. Jednosmerné a viacrozmerné autoregresné modely a ich kombinácie, vrátane informácií o trhových základoch, makroekonomickom a finančnom vývoji a klimatických premenných, s posudzovaním potenciálnej nelinearity v dynamike cien komodít počas obchodného cyklu. Výsledky ohľadom cien poľnohospodárskych komodít rázne reagujúce na šoky v medzinárodnej konkurencieschopnosti. 
610 2 0 |a ekonometria 
610 2 0 |a modely prognostické ekonometrické 
610 2 0 |a modelovanie ekonometrické 
610 2 0 |a modely autoregresné 
610 2 0 |a ceny obchodné 
610 2 0 |a plodiny poľnohospodárske 
610 2 0 |a komodity 
610 2 0 |a trh komoditný 
610 2 0 |a prognózovanie 
100 1 |a Crespo Cuaresma, Jesús 
700 1 |a Hloušková, Jaroslava, 1966- 
700 1 |a Obersteiner, Michael